|
|
|
|
| LEADER |
00000nab a2200000 a 4500 |
| 001 |
vtls000676037 |
| 003 |
SK-MaSNL |
| 005 |
20260305003055.0 |
| 008 |
180206c1999 xo 0 slo |
| 015 |
|
|
|a SNBRB1999/01-00472
|
| 035 |
|
|
|a CLN000028209
|
| 040 |
|
|
|a SNKBUCL
|b slo
|c SNKBUCL
|e AACR2
|
| 041 |
0 |
|
|a slo
|
| 044 |
|
|
|a xo
|c SK
|
| 080 |
|
|
|a 7.097
|2 UDC-MRF-SK2
|
| 100 |
1 |
|
|a Repko, Jozef,
|d 1940-2014
|4 aut
|9 253046
|
| 245 |
1 |
0 |
|a Rozpaky napriek pochopeniu
|b pohľad na televízne programy z ostrejšieho uhla
|c Jozef Repko
|
| 300 |
|
|
|b Obr.
|
| 610 |
2 |
7 |
|a Slovenská televízia
|2 snkbucl
|9 115516
|
| 610 |
2 |
7 |
|a Televízia Markíza
|2 SNKKA
|9 59718
|
| 648 |
|
7 |
|a 1999
|2 SNK
|9 266597
|
| 648 |
|
7 |
|a 1998
|2 SNK
|9 282348
|
| 650 |
0 |
7 |
|a televízne programy
|2 SNKPH
|9 2912
|
| 655 |
|
7 |
|a články z novín a časopisov
|2 snkbucl
|9 267496
|
| 773 |
0 |
|
|t Slovenská republika
|g Roč. 7, č. 2 (4.1.1999), s. 5
|
| 850 |
|
|
|a Slovenská národná knižnica v Martine
|
| 852 |
|
|
|a SNK
|b KIS3GCP
|
| 958 |
|
|
|a RBX
|
| 999 |
|
|
|c 3228469
|d 3230399
|